WWE Pay-Per-View (PPV) Main Events - 2000 - Statistics

General Stats
  • This quiz has been taken 1,082 times
    896 since last reset
  • The average score is 12 of 13
Answer Stats
PPV Answer % Correct
Royal Rumble, WrestleMania 16, Backlash, Insurrextion, Judgment Day, King of the Ring, Fully Loaded, SummerSlam, Unforgiven, No Mercy, Rebellion, Armageddon The Rock
100%
No Way Out, WrestleMania 16, Backlash, Insurrextion, Judgment Day, King of the Ring, SummerSlam, Armageddon Triple H
99%
Survivor Series, Armageddon Stone Cold Steve Austin
98%
King of the Ring, Unforgiven, Armageddon The Undertaker
97%
No Way Out Cactus Jack
96%
WrestleMania 16 Mick Foley
96%
SummerSlam, No Mercy, Armageddon Kurt Angle
95%
WrestleMania 16 The Big Show
95%
King of the Ring, Unforgiven Kane
94%
King of the Ring Vince McMahon
86%
Insurrextion, King of the Ring Shane McMahon
85%
Rebellion, Armageddon Rikishi
83%
Fully Loaded, Unforgiven Chris Benoit
77%
No matching quizzes found
Score Distribution
Percent of People with Each Score
Percentile by Number Answered
Your Score History
You have not taken this quiz since the last reset